00599 2200205 4500001002100000005001500021035002000036007000300056008004100059020002200100100001800122245010300140250000900243260003200252300003100284082001100315084001700326650001400343990003600357INLIS00000000000694320251104094326 a0010-0925000071ta251104 0 ind  a978-602-61904-1-31 aSetijono, Eko1 a101 Inspirasi Pemasaran Energi Kreatif Meraih Sukses untuk meningkatkan Persaingan /cEko Setijono aed.1 aJakarta :bGramedia.,c2017 a220 hlm. :bilus. ;c21 cm a658.81 a658.81 Set s 4aPemasaran ac.1/168/Polbangtan Yoma/ha/2025